Statistiken für Länder, die an Brasilien grenzen

Klicken Sie hier um das Quiz zu spielen!

Allgemein

  • Dieses Quiz wurde 113 mal gespielt
  • Das Durchschnittsergebnis liegt bei 8 aus 10

Antwortstatistiken

LängeLand% Korrekt
1,261 kmArgentinien
100%
1,068 kmUruguay
97%
1,644 kmKolumbien
94%
1,365 kmParaguay
94%
3,423 kmBolivien
93%
2,995 kmPeru
93%
2,200 kmVenezuela
92%
1,606 kmGuyana
83%
593 kmSuriname
82%
730 kmFrance (French Guiana)
11%

Verteilung der Resultate

Perzentil nach korrekt beantworteten Fragen

Anzahl Personen mit jedem Resultat

Ihre Resultats-Entwicklung

Sie haben dieses Quiz noch nicht gespielt